| 000 | 00850nac a22002411u 4500 | ||
|---|---|---|---|
| 010 | _a 2001037512 | ||
| 020 | _a0750653019 : | ||
| 020 | _a0750653019 : | ||
| 082 | 0 | 0 |
_a692 _bGLO |
| 090 |
_c8434 _d8434 |
||
| 100 | _aGlover, Peter | ||
| 245 | 1 | 0 |
_aBuilding surveys / _cPeter Glover. |
| 250 | _a4th ed. | ||
| 260 |
_aOxford : _aBoston : _bButterworth-Heinemann,2001 _c2001. |
||
| 300 |
_axii, 275 p. : _bill. ; _c24 cm. |
||
| 500 | _aDistributer: Al-Ahram | ||
| 504 | _aIncludes bibliographical references and index. | ||
| 511 | _aCatalogued by: Sara | ||
| 650 | 0 | _aBuilding inspection. | |
| 856 | 4 | 2 |
_3Publisher description _uhttp://www.loc.gov/catdir/description/els031/2001037512.html |
| 856 | 4 | 2 |
_3Table of contents _uhttp://www.loc.gov/catdir/toc/els031/2001037512.html |
| 942 |
_cBB _k692GLO |
||
| 999 |
_c8434 _d8434 |
||